Normal view
MARC view
- Zimmerer,Thomas.W, Scarborough, Norman.M
Entry Personal Name
001 - CONTROL NUMBER
- control field: 64400
003 - CONTROL NUMBER IDENTIFIER
- control field: NUST
005 - DATE AND TIME OF LATEST TRANSACTION
- control field: 20210628203252.0
008 - FIXED-LENGTH DATA ELEMENTS
- fixed length control field: 210628|| aca||aabn | a|a d
040 ## - CATALOGING SOURCE
- Original cataloging agency: NUST
- Transcribing agency: NUST
100 ## - HEADING--PERSONAL NAME
- Personal name: Zimmerer,Thomas.W, Scarborough, Norman.M
670 ## - SOURCE DATA FOUND
- Source citation: Work cat.: (NUST): Zimmerer,Thomas.W, Scarborough, Norman.M, Essentials of entrepreneurship and small business management, 2008
